Statistics for All of Amy Winehouse's songs

Click here to take the quiz!

General Stats

  • This quiz has been taken 29 times
  • The average score is 28 of 62

Answer Stats

Answer% Correct
Back to Black
96%
Me & Mr. Jones
96%
Rehab
92%
Valerie
92%
Valerie ('68 version)
92%
Stronger Than Me
83%
You Know I'm No Good
83%
Tears Dry (original version)
79%
Fuck Me Pumps
75%
Tears Dry on Their Own
75%
Love Is a Losing Game
71%
Addicted
67%
Body and Soul (with Tony Bennett)
67%
Cherry
63%
In My Bed
63%
Intro
63%
Just Friends
63%
Take the Box
63%
Wake Up Alone
63%
Wake Up Alone (original recording)
63%
You Sent Me Flying
63%
Amy Amy Amy
54%
I Heard Love Is Blind
54%
Some Unholy War
54%
October Song
50%
What Is It About Men
50%
Cupid
46%
He Can Only Hold Her
46%
He Can Only Hold Her
46%
Between the Cheats
42%
Brother
42%
Like Smoke (featuring Nas)
42%
Our Day Will Come
42%
The Girl from Ipanema
42%
(There Is) No Greater Love
42%
A Song for You
38%
Know You Now
38%
Monkey Man
38%
Mr Magic (Through the Smoke)
38%
Outro
38%
Will You Still Love Me Tomorrow?
38%
Best Friends, Right?
33%
Half Time
33%
Help Yourself
33%
Moody's Mood for Love / Teo Licks
33%
You're Wondering Now
33%
Hey Little Rich Girl (featuring Zalon and Ade)
29%
Cherry Wine
25%
To Know Him Is to Love Him
25%
What It Is
21%
Fool's Gold
17%
Round Midnight
17%
Someone to Watch Over Me
17%
Teach Me Tonight
17%
B Boy Baby
8%
Best for Me
0%
Close to the Front
0%
Find My Love
0%
Get Over It
0%
I Saw Mummy Kissing Santa Claus
0%
It's My Party
0%
So Strange
0%

Score Distribution

Percentile by Number Answered

Percent of People with Each Score

Your Score History

You have not taken this quiz